| 000 | 01137nam a2200277 i 4500 | ||
|---|---|---|---|
| 001 | 000044967 | ||
| 003 | DO-SdBNP | ||
| 005 | 20240314193807.0 | ||
| 007 | ta | ||
| 008 | 120125s2008 dr d 000 0 spa d | ||
| 040 |
_aDO-SdBNP _bspa _cBNPHU _erda |
||
| 082 | 4 | _222 | |
| 100 |
_aBautista de la Cruz, Priscila Damaris, _eautora _984912 |
||
| 245 | 1 | 0 |
_aMarco jurídico del gobierno electrónico en la República Dominicana / _cPriscila Damaris Bautista de la Cruz ; prólogo, Vásquez Perrota, Manuel Ramón ; presentación, Alejandro Moscoso Segarra ; colaboración, Elena Lebrón |
| 264 |
_aSanto Domingo : _bComisionado de Apoyo a la Reforma y Modernización de la Justicia, _c2008. |
||
| 300 |
_a168 páginas ; _bgráficos ; _c23 cm. |
||
| 336 |
_2rdaconten _atexto _btxt |
||
| 337 |
_2rdamedia _asin mediación _bn |
||
| 338 |
_2rdacarriel _avolumen _bnc |
||
| 590 | _aInventariado, 2024 / BT | ||
| 700 | 1 |
_aVásquez Perrota, Manuel Ramón, _eprólogo _984913 |
|
| 700 | 1 |
_aMoscoso Segarra, Alejandro A _d1964- _epresentación _962241 |
|
| 700 | 1 |
_aLebrón, Elena, _ecolaboración _984914 |
|
| 910 | _aBtavárez | ||
| 942 |
_2ddc _cLBS1 |
||
| 999 |
_c44456 _d44456 |
||